[Event "SR 3. liga A2 2011/2012"]
[Site "?"]
[Date "2011.10.16"]
[Round "1.3"]
[White "Kanka, Tomas"]
[Black "Filip, Frantisek"]
[Result "1/2-1/2"]
[WhiteElo "1379"]
[BlackElo "1836"]
[PlyCount "44"]
[EventDate "2011.??.??"]

1. e4 e5 2. Nf3 Nc6 3. Bc4 h6 4. d4 exd4 5. Nxd4 Ne5 6. Bd3 Bc5 7. Nf5 Qf6 8.
Nc3 Ne7 9. O-O c6 10. h3 d6 11. Na4 Nxf5 12. exf5 O-O 13. Nxc5 dxc5 14. Be4
Bxf5 15. Re1 Rfe8 16. f3 Rad8 17. Qe2 c4 18. Bd2 Qg6 19. Bxf5 Qxf5 20. Bc3 f6
21. Bxe5 Rxe5 22. Qxc4+ Kh8 1/2-1/2

[Event "SR 3. liga A2 2011/2012"]
[Site "?"]
[Date "2011.10.16"]
[Round "1.4"]
[White "Mihalik, Anton"]
[Black "Horak, Ivan"]
[Result "0-1"]
[WhiteElo "1965"]
[BlackElo "2073"]
[PlyCount "176"]
[EventDate "2011.??.??"]

1. c4 e5 2. Nc3 Nf6 3. Nf3 Nc6 4. g3 d5 5. cxd5 Nxd5 6. d4 Bb4 7. Qd3 exd4 8.
Nxd4 Nxc3 9. bxc3 Qxd4 10. Qxd4 Nxd4 11. cxb4 Nc2+ 12. Kd2 Nxa1 13. Bb2 O-O 14.
Bxa1 Be6 15. a3 Rad8+ 16. Kc1 Bb3 17. Bg2 c6 18. e3 Bd5 19. e4 Bb3 20. Bc3 Rd3
21. Bd2 Rfd8 22. Be3 Rc3+ 23. Kb2 Rdd3 24. Rc1 Rxc1 25. Bxc1 Ba4 26. Be3 b6 27.
h4 f6 28. Bf1 Rb3+ 29. Ka2 Rc3 30. Kb2 Rc2+ 31. Kb1 c5 32. bxc5 bxc5 33. Bb5
Bb3 34. Bc6 Kf8 35. Bd5 Ba4 36. Bc6 Rc4 37. Bd5 Rc3 38. Kb2 Rc2+ 39. Kb1 Ke7
40. Bc6 Rc4 41. Bd5 Rc3 42. Kb2 Rc2+ 43. Kb1 Kd6 44. Bf4+ Kd7 45. Be3 h6 46.
Bf7 g5 47. hxg5 hxg5 48. Bg6 Rc4 49. Bf7 Rc3 50. Kb2 Rc2+ 51. Kb1 Kd6 52. Bd5
Re2 53. Bc4 Re1+ 54. Kb2 Bc6 55. Bd3 a6 56. Bd2 Rd1 57. Kc2 Ba4+ 58. Kc3 Bb5
59. Bc2 Rf1 60. Be3 a5 61. a4 Ba6 62. Bb3 Rb1 63. Bd2 Ke5 64. Bc2 Rf1 65. Be3
Kd6 66. Kb2 Bc4 67. Kc3 Be2 68. Kd2 Bf3 69. Kc3 Bd1 70. Bd3 Rh1 71. Bb5 Bf3 72.
Bd3 Ra1 73. Bc2 Rh1 74. Kc4 Be2+ 75. Kc3 Rh8 76. Kd2 Ba6 77. Kc3 Rb8 78. f4 g4
79. e5+ fxe5 80. fxe5+ Kd5 81. Bf4 Rb4 82. Bb3+ c4 83. Bd1 Bc8 84. Bc2 Bd7 85.
Bd1 Bf5 86. Bh6 Rb1 87. Be2 Rb3+ 88. Kd2 Rxg3 0-1

[Event "SR 3. liga A2 2011/2012"]
[Site "?"]
[Date "2011.10.16"]
[Round "1.4"]
[White "Kovarik, Oto"]
[Black "Bincik, Pavol"]
[Result "1/2-1/2"]
[WhiteElo "2018"]
[BlackElo "1916"]
[PlyCount "82"]
[EventDate "2011.??.??"]

1. e4 c6 2. d4 d5 3. Nd2 dxe4 4. Nxe4 Bf5 5. Ng3 Bg6 6. Nf3 Nd7 7. Nh4 Ngf6 8.
Nxg6 hxg6 9. Be2 Qc7 10. h3 e6 11. Bg5 Bd6 12. Qd3 Bf4 13. Bxf4 Qxf4 14. Bf3
O-O-O 15. Ne2 Qc7 16. O-O-O Ne5 17. Qa3 Nxf3 18. Qxf3 Rd7 19. Rd3 Rhd8 20. Rhd1
e5 21. dxe5 Rxd3 22. Rxd3 Rxd3 23. Qxd3 Qxe5 24. f4 Qe7 25. c4 Nd7 26. Kc2 Nc5
27. Qf3 Kc7 28. a3 Qd7 29. b3 Qf5+ 30. Kb2 Nd3+ 31. Kc3 Ne1 32. Qe3 Qc2+ 33.
Kb4 Nd3+ 34. Ka5 Qxb3 35. Qe7+ Kc8 36. Qe8+ Kc7 37. Qxf7+ Kc8 38. Qf8+ Kc7 39.
Qxg7+ Kc8 40. Qf8+ Kc7 41. Qe7+ Kc8 1/2-1/2

[Event "SR 3. liga A2 2011/2012"]
[Site "?"]
[Date "2011.10.16"]
[Round "1.4"]
[White "Nemsak, Denis"]
[Black "Sefcik, Marek"]
[Result "1-0"]
[WhiteElo "1916"]
[BlackElo "2016"]
[PlyCount "67"]
[EventDate "2011.??.??"]

1. c4 Nc6 2. Nc3 Nf6 3. e4 e5 4. d3 d6 5. Nge2 Be7 6. g3 Bg4 7. Bg2 Qd7 8. O-O
Nd4 9. Be3 Nxe2+ 10. Nxe2 c5 11. a3 h5 12. f3 Be6 13. Nc3 h4 14. Nd5 hxg3 15.
hxg3 Bh3 16. g4 Nxd5 17. cxd5 Qb5 18. Qd2 Bd8 19. Bxh3 Rxh3 20. Kg2 Rh7 21. Rh1
Rxh1 22. Rxh1 f6 23. Kg3 Be7 24. Rh8+ Bf8 25. Qc2 O-O-O 26. b4 b6 27. Bd2 Qd7
28. a4 Qc7 29. Qb3 g5 30. a5 Bg7 31. Rh1 Rh8 32. Ra1 b5 33. bxc5 dxc5 34. Qxb5
1-0

[Event "SR 3. liga A2 2011/2012"]
[Site "?"]
[Date "2011.10.16"]
[Round "1.4"]
[White "Chabada, Tomas"]
[Black "Strapko, Tomas"]
[Result "1-0"]
[WhiteElo "1914"]
[BlackElo "1932"]
[PlyCount "55"]
[EventDate "2011.??.??"]

1. e4 c5 2. Nf3 Nc6 3. d4 cxd4 4. Nxd4 Nf6 5. Nc3 e5 6. Ndb5 d6 7. Bg5 a6 8.
Na3 b5 9. Bxf6 gxf6 10. Nd5 Bg7 11. g3 Rb8 12. Bg2 O-O 13. O-O Be6 14. c3 Ne7
15. Nxe7+ Qxe7 16. Nc2 f5 17. Nb4 Rb6 18. exf5 Bc4 19. Re1 a5 20. Nc2 b4 21.
Ne3 d5 22. b3 e4 23. bxc4 Bxc3 24. Nxd5 Qc5 25. Rxe4 Rd6 26. Rc1 Kh8 27. Qh5
Rxd5 28. Rh4 1-0

[Event "SR 3. liga A2 2011/2012"]
[Site "?"]
[Date "2011.10.16"]
[Round "1.4"]
[White "Slaby, Jozef"]
[Black "Vach, Jozef"]
[Result "1-0"]
[WhiteElo "1856"]
[BlackElo "1861"]
[PlyCount "71"]
[EventDate "2011.??.??"]

1. d4 Nf6 2. c4 g6 3. Nc3 Bg7 4. e4 d6 5. f3 O-O 6. Be3 e5 7. d5 Nbd7 8. Qd2
Re8 9. Nge2 b6 10. Bg5 Nf8 11. Ng3 Bb7 12. Bd3 Qc8 13. O-O h5 14. Nge2 N8h7 15.
Be3 Nd7 16. b4 a5 17. a3 Qd8 18. Rac1 axb4 19. axb4 Qe7 20. Nb5 Rec8 21. Ra1
Ba6 22. Nec3 Qd8 23. Rac1 Bf6 24. f4 exf4 25. Bxf4 Be5 26. Bc2 Bxf4 27. Qxf4
Ne5 28. c5 bxc5 29. bxc5 Qe7 30. c6 Kg7 31. Qe3 Rcb8 32. Ra1 Bc8 33. Ra7 Rxa7
34. Qxa7 Rb6 35. Nxc7 Rb2 36. Ne6+ 1-0

[Event "SR 3. liga A2 2011/2012"]
[Site "?"]
[Date "2011.10.16"]
[Round "1.4"]
[White "Hrubos, Milan"]
[Black "Curidlo, Jan"]
[Result "0-1"]
[WhiteElo "1790"]
[BlackElo "1851"]
[PlyCount "66"]
[EventDate "2011.??.??"]

1. e4 c5 2. Nf3 e6 3. d4 cxd4 4. Nxd4 a6 5. Nc3 Bb4 6. Bd2 Qc7 7. a3 Be7 8. Be2
Nf6 9. O-O Qe5 10. Nf3 Qc7 11. Bd3 Nc6 12. h3 O-O 13. b4 b5 14. Rc1 d5 15. exd5
exd5 16. Ne2 Ne4 17. Bf4 Qb7 18. Ne5 Nxe5 19. Bxe5 Be6 20. Nf4 Qb6 21. Qf3 f6
22. Bb2 f5 23. Bxe4 fxe4 24. Qg3 Bf6 25. Bxf6 Rxf6 26. Nxe6 Qxe6 27. c3 Rc8 28.
Qe3 Rc4 29. Rfd1 Qf5 30. Rc2 h6 31. Rd4 Rfc6 32. Qd2 Rxd4 33. cxd4 e3 0-1

[Event "SR 3. liga A2 2011/2012"]
[Site "?"]
[Date "2011.10.16"]
[Round "1.4"]
[White "Nedorost, Lubomir"]
[Black "Holly, Milan"]
[Result "1-0"]
[WhiteElo "1667"]
[BlackElo "1865"]
[PlyCount "37"]
[EventDate "2011.??.??"]

1. e4 e6 2. Nc3 b6 3. Bc4 Bb7 4. d3 Be7 5. f4 Nf6 6. Nf3 O-O 7. h3 d5 8. exd5
exd5 9. Bb3 Bc5 10. d4 Re8+ 11. Ne5 Bd6 12. Ne2 Ne4 13. O-O Nd7 14. Ba4 Bxe5
15. fxe5 Ba6 16. Rf3 f6 17. Bc6 Nxe5 18. dxe5 Qe7 19. Qxd5+ 1-0

[Event "SR 3. liga A2 2011/2012"]
[Site "?"]
[Date "2011.10.16"]
[Round "1.4"]
[White "Benak, Peter"]
[Black "Ochotnicky, Eduard"]
[Result "0-1"]
[WhiteElo "1605"]
[BlackElo "1517"]
[PlyCount "114"]
[EventDate "2011.??.??"]

1. e4 e5 2. Nf3 d6 3. Nc3 Bg4 4. Be2 Nf6 5. O-O Nc6 6. h3 Bh5 7. d3 h6 8. a3
Bg6 9. b4 d5 10. exd5 Nxd5 11. Bb2 Nf4 12. Re1 Bd6 13. Ne4 O-O 14. b5 Nd4 15.
Nxd4 exd4 16. Nxd6 Qxd6 17. Bf3 Rab8 18. a4 c5 19. bxc6 bxc6 20. Ba3 c5 21. Bc1
Ne6 22. Bg4 f5 23. Bf3 f4 24. Bg4 Bf5 25. Bxf5 Rxf5 26. Qg4 Rbf8 27. Bd2 Kh7
28. Rab1 R8f6 29. h4 h5 30. Qf3 Rg6 31. Qe4 Qf8 32. Rb7 f3 33. g3 Rxg3+ 34.
fxg3 f2+ 35. Kf1 fxe1=Q+ 36. Kxe1 Kh8 37. Qe2 Rf3 38. Kd1 Rf2 39. Qxh5+ Kg8 40.
Qg4 Qf3+ 41. Qxf3 Rxf3 42. Re7 Nd8 43. Re8+ Rf8 44. Rxf8+ Kxf8 45. Bf4 Ke7 46.
Bg5+ Kd7 47. Bxd8 Kxd8 48. Ke2 Kc7 49. Kf3 Kb6 50. Ke4 Ka5 51. Kd5 Kxa4 52.
Kxc5 a5 53. Kc4 Ka3 54. Kxd4 Kb4 55. c3+ Kb3 56. c4 a4 57. c5 a3 0-1

[Event "SR 3. liga A2 2011/2012"]
[Site "?"]
[Date "2011.10.16"]
[Round "1.5"]
[White "Merva, Frantisek"]
[Black "Sebesta, Radovan"]
[Result "0-1"]
[WhiteElo "2047"]
[BlackElo "2069"]
[PlyCount "110"]
[EventDate "2011.??.??"]

1. d4 Nf6 {0} 2. c4 {0} e6 3. g3 d5 4. Bg2 Bb4+ 5. Bd2 Bxd2+ 6. Nxd2 O-O 7.
Ngf3 c6 8. O-O Nbd7 9. b4 Qe7 10. b5 cxb5 11. cxb5 e5 12. dxe5 Nxe5 13. Nxe5
Qxe5 14. Nb3 Bg4 15. Re1 Rac8 16. Qd4 Qxd4 17. Nxd4 Rfd8 18. e3 Rc5 19. Rec1
Rdc8 20. Rxc5 Rxc5 21. a4 Bd7 22. Bf1 b6 23. Bd3 g6 24. Kg2 Rc3 25. Bc2 Kf8 26.
Ra2 Ke7 27. Ne2 Rc7 28. Bb3 Rc5 29. Rd2 Be6 30. f3 g5 31. g4 Rc7 32. Kf2 h5 33.
h3 hxg4 34. hxg4 Rc5 35. Nd4 Bd7 36. Rd1 Rc3 37. Ke2 Rc5 38. Rh1 Rc8 39. Kd2
Kd6 40. Rh6 Ke7 41. Kd3 Ra8 42. Rh1 Rc8 43. Nc2 Rc7 44. Nb4 Be6 45. Kd4 Bc8 46.
Bxd5 Kf8 47. Bc6 Kg7 48. Nd5 Nxd5 49. Kxd5 Be6+ 50. Kd4 Bb3 51. Ra1 a5 52. Ra3
Bd1 53. Kd3 Rc8 54. Kc4 Bxf3 55. Rd3 Be2 0-1

[Event "SR 3. liga A2 2011/2012"]
[Site "?"]
[Date "2011.10.16"]
[Round "1.5"]
[White "Palka, Miroslav"]
[Black "Takacs, Laszlo"]
[Result "1/2-1/2"]
[WhiteElo "1953"]
[BlackElo "1976"]
[PlyCount "63"]
[EventDate "2011.??.??"]

1. c4 {0} Nf6 2. Nc3 g6 3. e4 d6 4. g3 Bg7 5. Bg2 O-O 6. Nge2 e5 7. O-O Nbd7 8.
d4 Re8 9. d5 a5 10. h3 Nc5 11. Be3 Nfd7 12. Qd2 Qe7 13. Nb5 Qd8 14. Bg5 f6 15.
Be3 Re7 16. Nec3 Rf7 17. f4 f5 18. Rae1 exf4 19. Bxf4 Ne5 20. b3 fxe4 21. Nxe4
Nxe4 22. Rxe4 Bf5 23. Ree1 Nd3 24. Re2 Nxf4 25. Qxf4 Be5 26. Rxe5 dxe5 27. Qxe5
Qe7 28. Qc3 Raf8 29. Re1 Qc5+ 30. Qe3 Qxe3+ 31. Rxe3 a4 32. d6 1/2-1/2

[Event "SR 3. liga A2 2011/2012"]
[Site "?"]
[Date "2011.10.16"]
[Round "1.5"]
[White "Csefalvay, Stefan"]
[Black "Lanik, Miroslav"]
[Result "0-1"]
[WhiteElo "1916"]
[BlackElo "1936"]
[PlyCount "118"]
[EventDate "2011.??.??"]

1. d4 {0} d5 2. Nf3 Nf6 3. g3 e6 4. Bg2 Be7 5. c4 O-O 6. O-O dxc4 7. Qa4 a6 8.
Qxc4 b5 9. Qc2 Bb7 10. Bf4 Bd6 11. Bg5 Nbd7 12. Nbd2 c5 13. e4 cxd4 14. Nxd4
Qb6 15. N4f3 Rac8 16. Qb1 Bc5 17. Qd3 h6 18. Bxf6 Nxf6 19. h3 Rfd8 20. Qe2 Bb4
21. Rac1 Qa5 22. Rxc8 Rxc8 23. a3 Bxd2 24. Nxd2 Rc2 25. Nb3 Rxe2 26. Nxa5 Bxe4
27. Bxe4 Nxe4 28. Kg2 Rxb2 29. Nc6 Ra2 30. Nb4 Rxa3 31. Re1 Nf6 32. Rb1 Nd5 33.
Nc6 Kf8 34. Rb2 Ke8 35. Kf1 f6 36. Nd4 Ke7 37. Nc2 Rc3 38. Ke2 Rc7 39. h4 g5
40. hxg5 hxg5 41. Kd2 Kd6 42. Ra2 Ra7 43. Nd4 Nc7 44. Kc3 a5 45. Rc2 Ra6 46. f4
gxf4 47. gxf4 a4 48. Ra2 b4+ 49. Kc4 b3 50. Rd2 Nd5 51. f5 Ke7 52. fxe6 Nc7 53.
Kb4 Rb6+ 54. Ka3 Nb5+ 55. Nxb5 Rxb5 56. Rb2 Ra5 57. Re2 Ra6 58. Re4 f5 59. Re5
Rb6 0-1

[Event "SR 3. liga A2 2011/2012"]
[Site "?"]
[Date "2011.10.16"]
[Round "1.5"]
[White "Palka, Martin"]
[Black "Feher, Tibor"]
[Result "1/2-1/2"]
[WhiteElo "1876"]
[BlackElo "1802"]
[PlyCount "49"]
[EventDate "2011.??.??"]

1. e4 {0} e5 {0} 2. Nf3 Nf6 3. Nxe5 d6 4. Nf3 Nxe4 5. Nc3 Nxc3 6. dxc3 Nc6 7.
Be3 Be7 8. Qd2 Be6 9. O-O-O Qd7 10. Kb1 O-O-O 11. Ng5 Bxg5 12. Bxg5 f6 13. Be3
Ne5 14. b3 Kb8 15. f4 Nc6 16. h3 Rhe8 17. Bf2 Bf7 18. Bb5 a6 19. Bd3 Bg6 20.
Bxg6 hxg6 21. Rhe1 Rxe1 22. Rxe1 Re8 23. Re3 Rxe3 24. Qxe3 Qe7 25. Qd3 1/2-1/2

[Event "SR 3. liga A2 2011/2012"]
[Site "?"]
[Date "2011.10.16"]
[Round "1.5"]
[White "Szabo, Julius"]
[Black "Gasa, Patrik"]
[Result "0-1"]
[WhiteElo "1721"]
[BlackElo "1727"]
[PlyCount "38"]
[EventDate "2011.??.??"]

1. e4 {0} c5 2. Nc3 Nc6 3. g3 g6 4. Bg2 Bg7 5. d3 Nf6 6. f4 d6 7. Nf3 O-O 8.
O-O Nd4 9. Be3 Bg4 10. Qd2 Nxf3+ 11. Bxf3 Bxf3 12. Rxf3 Ng4 13. Rb1 Nxe3 14. h3
d5 15. Rxe3 d4 16. Rf3 dxc3 17. bxc3 Qa5 18. e5 Qxa2 19. Rxb7 Qd5 0-1

[Event "SR 3. liga A2 2011/2012"]
[Site "?"]
[Date "2011.10.16"]
[Round "1.5"]
[White "Skapikova, Lubica"]
[Black "Kahancova, Jana"]
[Result "1-0"]
[WhiteElo "1867"]
[BlackElo "1670"]
[PlyCount "57"]
[EventDate "2011.??.??"]

1. e4 {0} e5 2. Nf3 Nc6 3. Bb5 a6 4. Ba4 Nf6 5. O-O Be7 6. Re1 b5 7. Bb3 d6 8.
c3 Bg4 9. d3 O-O 10. Nbd2 Re8 11. Nf1 Bf8 12. h3 Bxf3 13. Qxf3 h6 14. Ng3 g6
15. Nf1 Bg7 16. Ne3 Na5 17. Bc2 c6 18. Ng4 Nxg4 19. Qxg4 Nb7 20. f4 exf4 21.
Bxf4 a5 22. Rad1 b4 23. d4 Qc8 24. Qg3 Qd7 25. e5 dxe5 26. dxe5 Qe7 27. e6 fxe6
28. Qxg6 Rac8 29. Bxh6 1-0

[Event "SR 3. liga A2 2011/2012"]
[Site "?"]
[Date "2011.10.16"]
[Round "1.5"]
[White "Kahanec, Jan"]
[Black "Zisek, Jaroslav"]
[Result "0-1"]
[WhiteElo "1513"]
[BlackElo "1860"]
[PlyCount "100"]
[EventDate "2011.??.??"]

1. e4 {0} c5 {0} 2. Nf3 d6 3. d4 cxd4 4. Nxd4 Nf6 5. Nc3 a6 6. Be3 Qc7 7. Nd5
Nxd5 8. exd5 Qa5+ 9. c3 Qxd5 10. Qc2 Nc6 11. Nf3 Bf5 12. Qd2 Qxd2+ 13. Nxd2 g6
14. h3 Bg7 15. Be2 O-O 16. O-O Ne5 17. Bd4 Bd7 18. Nb3 b5 19. Nd2 Bc6 20. a3
Bd5 21. f4 Nd7 22. Bxg7 Kxg7 23. Bf3 Bxf3 24. Nxf3 Nb6 25. Nd2 Rac8 26. Rae1 e6
27. Nb3 Rfe8 28. Re3 Nc4 29. Re2 f5 30. Rfe1 Kf6 31. Nc1 e5 32. Nd3 e4 33. Nb4
a5 34. Nd5+ Ke6 35. Ne3 Nxe3 36. Rxe3 Rc6 37. Kf2 Rec8 38. Rc1 d5 39. Rce1 Rc4
40. R3e2 b4 41. axb4 axb4 42. cxb4 Rxb4 43. Ra1 Rcb8 44. Ra6+ R8b6 45. Rxb6+
Rxb6 46. Ke3 Rb4 47. Rd2 Kd6 48. h4 Kc5 49. Rc2+ Rc4 50. Rxc4+ Kxc4 0-1

[Event "SR 3. liga A2 2011/2012"]
[Site "?"]
[Date "2011.10.16"]
[Round "1.5"]
[White "Fidericky, Milan"]
[Black "Pszota, Mate"]
[Result "1-0"]
[WhiteElo "1843"]
[BlackElo "1422"]
[PlyCount "55"]
[EventDate "2011.??.??"]

1. d4 d5 {0} 2. c4 Nf6 3. Nc3 dxc4 4. e4 Nc6 5. e5 Nd5 6. Bxc4 Be6 7. Bb5 Nxc3
8. bxc3 Qd5 9. Bf1 O-O-O 10. Nf3 f6 11. exf6 gxf6 12. Be2 Rg8 13. O-O Bh3 14.
g3 Bxf1 15. Qxf1 e5 16. c4 Qe4 17. d5 Nd4 18. Nxd4 Qxd4 19. Be3 Qe4 20. Bd3 Qf3
21. Qh3+ Kb8 22. Qxh7 Bb4 23. Be4 Qg4 24. Rb1 Bc3 25. Rxb7+ Kxb7 26. d6+ Qxe4
27. Qxc7+ Ka6 28. Qxa7# 1-0

[Event "SR 3. liga A2 2011/2012"]
[Site "?"]
[Date "2011.10.16"]
[Round "1.6"]
[White "Erdos, Boglarka"]
[Black "Kapusta, Petr"]
[Result "0-1"]
[WhiteElo "2208"]
[BlackElo "2158"]
[PlyCount "72"]
[EventDate "2011.??.??"]

1. e4 c5 2. Ne2 g6 3. Nbc3 Bg7 4. g3 Nc6 5. Bg2 d6 6. O-O Nf6 7. d3 O-O 8. f4
Bg4 9. h3 Bxe2 10. Qxe2 Nd4 11. Qf2 Nd7 12. Nd5 Rc8 13. c3 Nc6 14. g4 e6 15.
Ne3 b5 16. g5 b4 17. Bd2 bxc3 18. bxc3 Rb8 19. f5 Be5 20. f6 Rb2 21. Nc4 Rc2
22. Qh4 h5 23. Rfc1 Rxc1+ 24. Rxc1 Nb6 25. Ne3 Na4 26. Bf3 Nb2 27. Bxh5 gxh5
28. Qxh5 Bxf6 29. gxf6 Qxf6 30. Kh1 Ne5 31. Rg1+ Ng6 32. Ng4 Qf3+ 33. Rg2 Qf1+
34. Kh2 Nxd3 35. Nh6+ Kg7 36. Nxf7 Qxg2+ 0-1

[Event "SR 3. liga A2 2011/2012"]
[Site "?"]
[Date "2011.10.16"]
[Round "1.6"]
[White "Strakac, Petr"]
[Black "Darazs, Zoltan"]
[Result "0-1"]
[WhiteElo "2100"]
[BlackElo "2127"]
[PlyCount "104"]
[EventDate "2011.??.??"]

1. e4 e5 2. Nf3 Nc6 3. Bb5 a6 4. Ba4 Nf6 5. d3 b5 6. Bb3 Be7 7. c3 O-O 8. Qe2
h6 9. h3 d5 10. Nbd2 Re8 11. Nf1 Bf8 12. g4 dxe4 13. dxe4 Nh7 14. Bd5 Bb7 15.
Ng3 Na5 16. Bxb7 Nxb7 17. h4 Nc5 18. Be3 Nd3+ 19. Kf1 Nf4 20. Qd2 Qxd2 21. Nxd2
Rad8 22. Ne2 Nd3 23. Rb1 Bc5 24. Bxc5 Nxc5 25. Ke1 Nd3+ 26. Kf1 Nxf2 27. Kxf2
Rxd2 28. Rhd1 Red8 29. Rxd2 Rxd2 30. Ke3 Rd8 31. Rg1 c5 32. b3 c4 33. Nc1 Nf6
34. g5 hxg5 35. hxg5 Nh5 36. bxc4 bxc4 37. Rg2 Rd1 38. Rc2 Nf4 39. a4 Kh7 40.
a5 Kg6 41. Na2 Rd3+ 42. Kf2 Kxg5 43. Nb4 Rd6 44. Ke3 f5 45. Rh2 g6 46. Rh8 Nd3
47. Nd5 Nc5 48. Re8 Nxe4 49. Rxe5 Nxc3 50. Nf4 Kg4 51. Ng2 Kg3 52. Nf4 Nd1+ 0-1

[Event "SR 3. liga A2 2011/2012"]
[Site "?"]
[Date "2011.10.16"]
[Round "1.6"]
[White "Meszaros, Lorant"]
[Black "Pagac, Robert"]
[Result "1-0"]
[WhiteElo "2053"]
[BlackElo "1834"]
[PlyCount "83"]
[EventDate "2011.??.??"]

1. d4 d5 2. c4 e6 3. Nf3 Nf6 4. g3 c6 5. Bg2 Bb4+ 6. Bd2 Bxd2+ 7. Nbxd2 O-O 8.
O-O Nbd7 9. Qc2 Qe7 10. e4 Nxe4 11. Nxe4 dxe4 12. Qxe4 Nf6 13. Qe2 Qd6 14. Rad1
Qc7 15. Ne5 Bd7 16. g4 Rad8 17. g5 Ne8 18. h4 f6 19. Nxd7 Qxd7 20. Bh3 f5 21.
Rd3 Nc7 22. Rfd1 Qd6 23. Qe3 Rde8 24. Bg2 a6 25. Qf3 Rb8 26. a3 Qd7 27. Qf4
Rfd8 28. d5 exd5 29. cxd5 cxd5 30. Bxd5+ Nxd5 31. Rxd5 Qe7 32. Qxf5 Rxd5 33.
Qxd5+ Kh8 34. Rd3 Rf8 35. Kg2 Qe2 36. Rf3 Rb8 37. Qf7 Qe4 38. Kg3 Qe5+ 39. Kh3
Qd6 40. Re3 Rf8 41. Re8 Qd3+ 42. Kg2 1-0

[Event "SR 3. liga A2 2011/2012"]
[Site "?"]
[Date "2011.10.16"]
[Round "1.6"]
[White "Harastova, Viera"]
[Black "Szitasi, Janos"]
[Result "1-0"]
[WhiteElo "1827"]
[BlackElo "1996"]
[PlyCount "55"]
[EventDate "2011.??.??"]

1. d4 d5 2. c4 c6 3. Nc3 Nf6 4. Bg5 e6 5. e3 Bd6 6. Bd3 Nbd7 7. Nf3 h6 8. Bh4
O-O 9. O-O a6 10. e4 dxe4 11. Nxe4 Be7 12. Qe2 g6 13. Qe3 Kg7 14. Nxf6 Bxf6 15.
Bxf6+ Qxf6 16. Ne5 Rd8 17. f4 h5 18. Rf3 Nf8 19. Raf1 Bd7 20. Rg3 Be8 21. f5
exf5 22. Rxf5 Qd6 23. d5 f6 24. Rxh5 g5 25. Rgxg5+ fxg5 26. Qxg5+ Ng6 27. Qh6+
Kg8 28. Qh7+ 1-0

[Event "SR 3. liga A2 2011/2012"]
[Site "?"]
[Date "2011.10.16"]
[Round "1.6"]
[White "Kalmar, Tamas"]
[Black "Kubis, Ivan"]
[Result "0-1"]
[WhiteElo "1842"]
[BlackElo "2002"]
[PlyCount "76"]
[EventDate "2011.??.??"]

1. d4 Nf6 2. Nf3 e6 3. c4 b6 4. g3 Ba6 5. Qc2 Bb7 6. Bg2 Bb4+ 7. Bd2 a5 8. O-O
O-O 9. Bxb4 axb4 10. c5 bxc5 11. dxc5 Be4 12. Qc4 Na6 13. Nd4 Qe7 14. Nb3 Bxg2
15. Kxg2 d5 16. cxd6 cxd6 17. Rc1 Rfc8 18. Qxc8+ Rxc8 19. Rxc8+ Ne8 20. f3 Qd7
21. Rc2 Nec7 22. N1d2 Nd5 23. Nc4 f5 24. e4 fxe4 25. fxe4 Nf6 26. Re1 h6 27.
Rd2 d5 28. exd5 exd5 29. Ne3 Nc7 30. Rd4 Qa4 31. Ra1 Ne6 32. Rd3 Kh7 33. a3
bxa3 34. Nd2 Qb5 35. Raxa3 Nc5 36. Rd4 Qxb2 37. Rad3 Nxd3 38. Rxd3 Qb5 0-1

[Event "SR 3. liga A2 2011/2012"]
[Site "?"]
[Date "2011.10.17"]
[Round "1.6"]
[White "Hrubsa, Marian"]
[Black "Szekely, Stefan"]
[Result "0-1"]
[WhiteElo "1929"]
[BlackElo "1931"]
[PlyCount "74"]
[EventDate "2011.??.??"]

1. e4 d6 2. d4 Nf6 3. Nc3 g6 4. f4 Bg7 5. Nf3 c6 6. Bd3 Na6 7. Be3 Nc7 8. Qe2
Bg4 9. Qf2 Bd7 10. h3 b5 11. a3 a5 12. O-O b4 13. axb4 axb4 14. Ne2 O-O 15. Ng3
e6 16. Ne2 Qe7 17. Qh4 Rfe8 18. Qf2 Nb5 19. g4 h6 20. Ng3 d5 21. e5 Nh7 22. Qd2
Qf8 23. Kh2 Rec8 24. f5 exf5 25. gxf5 gxf5 26. Nxf5 Bxf5 27. Bxf5 Rxa1 28. Rxa1
Rc7 29. Qd3 Ng5 30. Nxg5 hxg5 31. Bxg5 Qe8 32. Rg1 Kf8 33. Bh4 Nxd4 34. Rxg7
Qxe5+ 35. Rg3 Nxf5 36. Qf3 Nxh4 37. Qg4 Nf5 0-1

[Event "SR 3. liga A2 2011/2012"]
[Site "?"]
[Date "2011.10.16"]
[Round "1.6"]
[White "Fekete, Robert"]
[Black "Vogl, Zdenek"]
[Result "1-0"]
[WhiteElo "1893"]
[BlackElo "1928"]
[PlyCount "87"]
[EventDate "2011.??.??"]

1. e4 e5 2. Nf3 Nc6 3. Bb5 a6 4. Ba4 b5 5. Bb3 Nf6 6. d3 Be7 7. Nc3 d6 8. h3
Na5 9. Bg5 Nxb3 10. axb3 Bb7 11. Bxf6 Bxf6 12. Nd5 c6 13. Nxf6+ Qxf6 14. Qd2 h6
15. Nh2 Qe6 16. O-O O-O 17. f4 f5 18. fxe5 fxe4 19. exd6 Qxd6 20. d4 c5 21.
Rxf8+ Rxf8 22. Rd1 cxd4 23. Qxd4 Qxd4+ 24. Rxd4 e3 25. Rd7 Rf7 26. Rxf7 Kxf7
27. g3 Be4 28. c3 h5 29. Kf1 Bd3+ 30. Ke1 Ke6 31. g4 g6 32. gxh5 gxh5 33. Nf1
e2 34. Ng3 h4 35. Nxe2 Ke5 36. Nd4 Kf4 37. Kf2 Ke4 38. Nf3 Bc2 39. Ke2 Bxb3 40.
Nd2+ Kf4 41. Nxb3 Kg3 42. Nc5 a5 43. Ne4+ Kxh3 44. Kf3 1-0

[Event "SR 3. liga A2 2011/2012"]
[Site "?"]
[Date "2011.10.16"]
[Round "1.6"]
[White "Planka, Peter"]
[Black "Both, Lajos"]
[Result "1/2-1/2"]
[WhiteElo "1831"]
[BlackElo "1822"]
[PlyCount "85"]
[EventDate "2011.??.??"]

1. e4 c5 2. Nf3 Nc6 3. d4 cxd4 4. Nxd4 Nf6 5. Nc3 e5 6. Ndb5 d6 7. Bg5 a6 8.
Na3 b5 9. Bxf6 gxf6 10. Nd5 Bg7 11. Be2 f5 12. Qd3 fxe4 13. Qxe4 Bb7 14. O-O-O
Rb8 15. Qg4 Kf8 16. Bd3 Nd4 17. Ne3 h5 18. Qg3 e4 19. Bf1 Be5 20. f4 exf3 21.
Qf2 f5 22. c3 Qc8 23. Nac2 Nxc2 24. Nxc2 fxg2 25. Bxg2 Bxg2 26. Qxg2 f4 27.
Rhg1 Qe6 28. Kb1 Rg8 29. Qc6 Rxg1 30. Rxg1 Qc8 31. Qd5 Ke7 32. Qe4 Qh8 33. Nd4
Rg8 34. Nf5+ Kf6 35. Rxg8 Qxg8 36. Nd4 Qg1+ 37. Kc2 Qxh2+ 38. Kb3 Bxd4 39.
Qxd4+ Ke6 40. Qe4+ Kf6 41. Qd4+ Ke6 42. Qe4+ Kf6 43. Qd4+ 1/2-1/2

[Event "SR 3. liga A2 2011/2012"]
[Site "?"]
[Date "2011.10.30"]
[Round "2.1"]
[White "Hecko, Dusan"]
[Black "Janko, Michal"]
[Result "0-1"]
[WhiteElo "2123"]
[BlackElo "2271"]
[PlyCount "92"]
[EventDate "2011.??.??"]

1. c4 f5 2. Nc3 Nf6 3. Nf3 g6 4. g3 Bg7 5. Bg2 O-O 6. O-O d6 7. d4 c6 8. Bg5 h6
9. Bxf6 Bxf6 10. Rc1 e5 11. dxe5 dxe5 12. Qxd8 Rxd8 13. Rfd1 Rxd1+ 14. Nxd1 Na6
15. e3 Be6 16. Kf1 Rd8 17. Ke2 Nb4 18. a3 Nd3 19. Rc2 e4 20. Ne1 Nxb2 21. Nxb2
Bxb2 22. a4 Bf6 23. f3 exf3+ 24. Bxf3 Kf7 25. Nd3 Ke7 26. h3 Kd6 27. g4 Kc7 28.
Nf4 Bf7 29. gxf5 gxf5 30. Nd3 Re8 31. Kd2 Bg5 32. Nf4 Re5 33. Rc3 Be7 34. Nd3
Re6 35. Nf4 Re5 36. Nd3 Re6 37. Nf4 Bb4 38. Nxe6+ Bxe6 39. Kc2 Bxc3 40. Kxc3 b6
41. h4 Kd6 42. Kd4 c5+ 43. Kd3 Bd7 44. Bd1 Ke5 45. Bc2 Bc6 46. Kd2 Bf3 0-1

[Event "SR 3. liga A2 2011/2012"]
[Site "?"]
[Date "2011.10.30"]
[Round "2.1"]
[White "Janko, Ladislav"]
[Black "Jozefek, Michal"]
[Result "0-1"]
[WhiteElo "2229"]
[BlackElo "1910"]
[PlyCount "108"]
[EventDate "2011.??.??"]

1. e4 c5 2. Nf3 Nc6 3. d4 cxd4 4. Nxd4 g6 5. Nc3 Bg7 6. Be3 Nf6 7. Be2 O-O 8.
Nb3 d6 9. O-O Ne5 10. h3 Be6 11. Nd4 Bc4 12. f4 Bxe2 13. Qxe2 Nc6 14. Nf3 Qa5
15. Nd2 a6 16. Nc4 Qh5 17. Rf3 b5 18. Nb6 b4 19. Nca4 Ra7 20. e5 dxe5 21. g4
Nxg4 22. hxg4 Qxg4+ 23. Qg2 Qh5 24. Nc4 Nd4 25. Rf2 exf4 26. Bxf4 Nf5 27. Re1
Bd4 28. Be3 Nxe3 29. Nxe3 Rd8 30. Qf3 Qg5+ 31. Rg2 Qb5 32. b3 Rd6 33. Rg4 f5
34. Rg2 Qe5 35. Kh1 f4 36. c3 Bxe3 37. cxb4 Qf6 38. Rh2 Rad7 39. Nc5 Bxc5 40.
bxc5 Rd2 41. Rh3 Rxa2 42. c6 Rc7 43. Qd5+ Kg7 44. Rc1 Ra1 45. Rxa1 Qxa1+ 46.
Kg2 Qf6 47. Rf3 Rxc6 48. Qe4 Re6 49. Qc4 g5 50. b4 Qe5 51. Qb3 Qe2+ 52. Rf2
Qe4+ 53. Kg1 Qe1+ 54. Kg2 Re2 0-1

[Event "SR 3. liga A2 2011/2012"]
[Site "?"]
[Date "2011.10.30"]
[Round "2.1"]
[White "Pericka, Tomas"]
[Black "Sulek, Viliam"]
[Result "0-1"]
[WhiteElo "2008"]
[BlackElo "2135"]
[PlyCount "50"]
[EventDate "2011.??.??"]

1. e4 c5 2. Nf3 Nc6 3. d4 cxd4 4. Nxd4 Nf6 5. Nc3 e5 6. Ndb5 d6 7. Bg5 a6 8.
Na3 b5 9. Nd5 Be7 10. Bxf6 Bxf6 11. c4 b4 12. Qa4 Bd7 13. Nxb4 Nd4 14. Qd1 Rb8
15. Nd3 Bc6 16. f3 Bg5 17. Nc2 Ba4 18. b3 Qa5+ 19. Kf2 Qc3 20. Nxd4 Qxd4+ 21.
Kg3 Bd7 22. h4 Be3 23. Kh2 O-O 24. Ne1 Bf4+ 25. g3 Qf2+ 0-1